| 000 | 01228nam a2200373 a 4500 | ||
|---|---|---|---|
| 001 | 000036038 | ||
| 003 | DO-SdBNP | ||
| 005 | 20171110123811.0 | ||
| 007 | 000036038 | ||
| 008 | 111124s2001 sp a 001 0 spa d | ||
| 020 | _a848236023x (colección) | ||
| 020 | _a8482360310 | ||
| 040 |
_aBPMSU _bspa _cBPMSU |
||
| 082 | 4 |
_a750 _bT255d |
|
| 245 | 0 | 0 |
_aTécnicas básicas de dibujo / _ceditor Rachel Wolf, Greg Albert. |
| 260 |
_aBarcelona : _bIdea Books, _c[1996?]. |
||
| 300 |
_a121 p. : _bil. ; _c30 cm. |
||
| 490 | 1 | _aCurso básico de técnicas de dibujo y pintura | |
| 500 | _aIncluye índice. | ||
| 500 | _aCurso básico de técnicas de dibujo y pintura (título tomado del estuche ) | ||
| 505 | 0 |
_gTécnicas básicas de dibujo -- _rGreg Albert, _rRachel Wolf. |
|
| 650 | 4 |
_aDIBUJO _xTÉNICA |
|
| 700 | 1 | 2 |
_aAlbert, Greg, _eed. |
| 700 | 1 | 2 |
_aWolf, Rachel, _eed. |
| 830 | 0 | _aCurso básico de técnicas de dibujo y pintura | |
| 910 | _aValidado. Control de calidad MFF | ||
| 930 | 1 |
_l _m _8 _f _p _g |
|
| 942 |
_2ddc _cBK |
||
| 945 | _aInvetariado extranjerov / 2017 VM | ||
| 956 |
_a _b _c _l _h |
||
| 956 |
_a _b _c _l _h |
||
| 956 |
_a _b _c _l _h |
||
| 956 |
_aVMATEO _b10 _c20150929 _lBPMSU _h00151 |
||
| 999 |
_c8302 _d8302 |
||